000 00746nam a22001937a 4500
999 _c165753
_d165753
005 20190628165010.0
010 _aUR-10271
020 _c120.00
_a9789384255428
035 _aU-8826
037 _bDBAD/PUB
082 _a808.88
100 _aند يم سحر عنبر ين
245 _aقر آ نيا ت ميں خو ا تين کے تحقيقی مقا لا ت
_cند يم سحر عنبر ين
246 _bQuraniyat mein Khawateen ke Tahqeeqi Maqalat (Urdu)
_aby Nadeem Sahar Ambareen
260 _a Delhi
_bEducational Publishing House
_c2018 ء
270 _a3191،Vakil Street,Kucha Pandit,Lal Kuan,
_bDelhi
_e110006
_k23216162
_l00911123211540
300 _a112ص
_c22 Cm(Hb)
942 _2ddc
_cUR
_h808.88
_mن د ی